000 00722nam a22002057a 4500
005 20171109094742.0
010 _a1718CH-EN
020 _a9781846884092
_c299.00
035 _aB-672898-910
037 _aDPL
_bPragati
082 _aN
100 _aFunaro, Gregory
245 _aAlistair grim's odd aquaticum /
_cby Gregory Funaro and illustrated by Adam Stower
260 _bAlma Books
_aUK
_c2016
270 _a3 Castle Yard, Richmond, Surrey TW10 6 TF
_bUK
300 _a346p.
_c21cm(pbk)
700 _aStower, Adam
_eill.
942 _2ddc
_cCH
_mFUN
_hN
999 _c141746
_d141746